000 00703nam a2200205Ii 4500
003 JO-AjNU
008 230605s9999||||xx |||||||||||||| ||und||
017 _a1983/143
040 _aJO-AjNU
_bara
_erda
_cJO-AjNU
041 _aara
050 1 4 _aBF191.J4312 1983
100 3 _aجيفز، مالكولم ؛ ترجمة ضياء الجصاني؛ مراجعة موفق الحمداني,
_eauthor
_952651
245 0 0 _aعلم النفس التجريبي
264 3 1 _aالموصل: جامعة الموصل، 1983
300 _a127ص
336 _atext
_btxt
_2rdacontent
337 _aunmediated
_bn
_2rdamedia
338 _avolume
_bnc
_2rdacarrier
650 4 _aعلم النفس التجريبي
_952652
999 _aA23336
_c26904
_d26904